Restatement of the law: foreign relations law of the United States (revised) / Submitted by the council to the members of the American Law Institute for discussion at the fifty-seventh annual meeting on June 10, 11, 12, and 13, 1980; Tentative draft no.1-April 1, 1980-.

Bibliographic Details
Corporate Author: American Law Institute
Format: Book
Language:English
Published: Philadelphia, Pa. : American Law Institute, 1980-
Subjects:

MARC

Tag First Indicator Second Indicator Subfields
LEADER 00000cam a2200000 a 4500
001 in00000069736
005 20240930163442.8
008 800522m19809999pau 000 0 eng d
035 |a (OCoLC)06347928 
035 |9 AAJ1008AM 
040 |a CUH  |c CUH  |d m.c.  |d TXA  |d UtOrBLW 
043 |a n-us--- 
049 |a TXAM  |c 1 [1481807], 2 [1481808] 
090 |a KF4651  |b .R4 
245 0 0 |a Restatement of the law:  |b foreign relations law of the United States (revised) / Submitted by the council to the members of the American Law Institute for discussion at the fifty-seventh annual meeting on June 10, 11, 12, and 13, 1980; Tentative draft no.1-April 1, 1980-. 
264 1 |a Philadelphia, Pa. :  |b American Law Institute,  |c 1980- 
300 |a volumes ;  |c 23 cm. 
336 |a text  |b txt  |2 rdacontent 
337 |a unmediated  |b n  |2 rdamedia 
338 |a volume  |b nc  |2 rdacarrier 
651 0 |a United States  |x Foreign relations  |x Law and legislation. 
710 2 |a American Law Institute. 
740 0 |a Foreign relations law of the United States. 
999 |a MARS 
999 f f |s 69076110-72a2-3118-be16-72bc30c4fb64  |i 7593853d-ef6a-3c4b-9714-08e7755a7aa6  |t 0 
952 f f |p ric  |a Texas A&M University  |b Rellis Campus  |c Joint Library Facility  |d Remote Storage  |t 0  |e KF4651 .R4  |h Library of Congress classification  |i unmediated -- volume  |k no.6:v.2  |m A14813796641 
952 f f |p ric  |a Texas A&M University  |b Rellis Campus  |c Joint Library Facility  |d Remote Storage  |t 0  |e KF4651 .R4  |h Library of Congress classification  |i unmediated -- volume  |k no.7  |m A14811587834 
952 f f |p ric  |a Texas A&M University  |b Rellis Campus  |c Joint Library Facility  |d Remote Storage  |t 0  |e KF4651 .R4  |h Library of Congress classification  |i unmediated -- volume  |k no.2  |m A14806156327 
952 f f |p ric  |a Texas A&M University  |b Rellis Campus  |c Joint Library Facility  |d Remote Storage  |t 0  |e KF4651 .R4  |h Library of Congress classification  |i unmediated -- volume  |k no.6:v.1  |m A14811587787 
952 f f |p ric  |a Texas A&M University  |b Rellis Campus  |c Joint Library Facility  |d Remote Storage  |t 0  |e KF4651 .R4  |h Library of Congress classification  |i unmediated -- volume  |k no.1  |m A14806156319 
998 f f |a KF4651 .R4  |s no.1-no.2,no.6-no.7  |t 0  |l Remote Storage